| 000 | 00387nam a2200145Ia 4500 | ||
|---|---|---|---|
| 008 | 150201s2000 xx 000 0 und d | ||
| 082 |
_a611.018 _bF2000Y |
||
| 100 | _aB.YOUNGH | ||
| 245 | _aWHEATERS FUNCTIONAL HISTOLOGY :A TEXT AND COLOUR ATLAS | ||
| 250 | _a4TH | ||
| 260 |
_bCHURCHILL LIVINGSTONE _aEDINBURGH _c2000 |
||
| 300 | _a1-413 | ||
| 650 | _aHUMAN HISTOLOGY | ||
| 942 |
_2ddc _cBK |
||
| 999 |
_c2583 _d2583 |
||